MARC details
| 000 -LEADER |
| fixed length control field |
01911cas a2200409 a 4500 |
| 001 - CONTROL NUMBER |
| control field |
000506519 |
| 003 - CONTROL NUMBER IDENTIFIER |
| control field |
AM-YeHGA |
| 005 - DATE AND TIME OF LATEST TRANSACTION |
| control field |
20250617134800.0 |
| 008 - FIXED-LENGTH DATA ELEMENTS--GENERAL INFORMATION |
| fixed length control field |
750807d1959199ubu qr0||||||||0|||c0frerd |
| 022 ## - INTERNATIONAL STANDARD SERIAL NUMBER |
| International Standard Serial Number |
0324-1653 |
| Incorrect ISSN |
0075-9678 |
| 040 ## - CATALOGING SOURCE |
| Original cataloging agency |
AM-YeHGA |
| 041 0# - LANGUAGE CODE |
| Language code of text/sound track or separate title |
fre |
| -- |
ger |
| -- |
eng |
| -- |
rus |
| Language code of summary or abstract |
bul |
| 042 ## - AUTHENTICATION CODE |
| Authentication code |
nsdp |
| -- |
msc |
| 043 ## - GEOGRAPHIC AREA CODE |
| Geographic area code |
ed----- |
| 090 ## - LOCALLY ASSIGNED LC-TYPE CALL NUMBER (OCLC); LOCAL CALL NUMBER (RLIN) |
| -- |
189348 |
| 210 0# - ABBREVIATED TITLE |
| Abbreviated title |
Балк. езикозн. |
| 222 #0 - KEY TITLE |
| Key title |
Балканско езикознание |
| 245 00 - TITLE STATEMENT |
| Title |
Балканско езикознание = |
| Remainder of title |
Linguistique balkanique / |
| Statement of responsibility, etc. |
Българска Академия на Науките, Eдинен център за език и литература. |
| 246 31 - VARYING FORM OF TITLE |
| Title proper/short title |
Linguistique balkanique |
| 260 ## - PUBLICATION, DISTRIBUTION, ETC. |
| Place of publication, distribution, etc. |
София : |
| Name of publisher, distributor, etc. |
Издательство на Българската Академия на Науките, |
| Date of publication, distribution, etc. |
1959-. |
| 300 ## - PHYSICAL DESCRIPTION |
| Extent |
v. : |
| Other physical details |
ill. ; |
| Dimensions |
25 cm. |
| 310 ## - CURRENT PUBLICATION FREQUENCY |
| Current publication frequency |
Quarterly |
| 362 0# - DATES OF PUBLICATION AND/OR SEQUENTIAL DESIGNATION |
| Dates of publication and/or sequential designation |
1- |
| 362 1# - DATES OF PUBLICATION AND/OR SEQUENTIAL DESIGNATION |
| Dates of publication and/or sequential designation |
Ceased publication. |
| 500 ## - GENERAL NOTE |
| General note |
Some issues have a distinctive title. |
| 500 ## - GENERAL NOTE |
| General note |
Latest issue consulted: 37, 3-4 (1994/1995). |
| 546 ## - LANGUAGE NOTE |
| Language note |
Text in French, German, English, and Russian; Summaries in Bulgarian. |
| 550 ## - ISSUING BODY NOTE |
| Issuing body note |
Issued by: Bulgarska akademiia na naukite, Otdelenie za ezikoznanie, literaturoznanie i izkustvoznanie, 1960-1973; Bulgarska akademiia na naukite, Edinen tsentur za ezik i literatura, 1973- |
| 590 ## - LOCAL NOTE (RLIN) |
| Local note |
SERBIB/SERLOC merged record |
| 650 04 - SUBJECT ADDED ENTRY--TOPICAL TERM |
| Topical term or geographic name entry element |
Ամսագիր |
| 650 #0 - SUBJECT ADDED ENTRY--TOPICAL TERM |
| Topical term or geographic name entry element |
Linguistics |
| Form subdivision |
Periodicals |
| 651 #0 - SUBJECT ADDED ENTRY--GEOGRAPHIC NAME |
| Geographic name |
Balkan Peninsula |
| General subdivision |
Languages |
| Form subdivision |
Periodicals. |
| 710 2# - ADDED ENTRY--CORPORATE NAME |
| Corporate name or jurisdiction name as entry element |
Bulgarska akademiia na naukite. |
| Subordinate unit |
Otdelenie za ezikoznanie, literaturoznanie i etnografiia. |
| 710 2# - ADDED ENTRY--CORPORATE NAME |
| Corporate name or jurisdiction name as entry element |
Bulgarska akademiia na naukite. |
| Subordinate unit |
Otdelenie za ezikoznanie, literaturoznanie i izkustvoznanie. |
| 710 2# - ADDED ENTRY--CORPORATE NAME |
| Corporate name or jurisdiction name as entry element |
Българска Академия на Науките |
| Subordinate unit |
Eдинен център за език и литература |
| 942 ## - ADDED ENTRY ELEMENTS (KOHA) |
| Source of classification or shelving scheme |
Universal Decimal Classification |
| Koha item type |
Շարունակական պաշար / Continuing Resource |